| 000 | 02491cam a2200217 a 4500 | ||
|---|---|---|---|
| 999 |
_c7615 _d7615 |
||
| 003 | OSt | ||
| 005 | 20200317104040.0 | ||
| 008 | 100929s2011 nyua 000 0 eng | ||
| 020 | _a9781580933148 (hardcover) | ||
| 082 | 0 | 0 |
_a724.7 _222 _bKRI |
| 100 | 1 | _aKristal, Marc. | |
| 245 | 1 | 0 |
_aImmaterial world : _btransparency in architecture / _cMarc Kristal. |
| 246 | 3 | 0 | _aTransparency in architecture |
| 250 | _a1st ed. | ||
| 260 |
_aNew York : _bMonacelli Press, _cc2011. |
||
| 300 |
_a214 p. : _bill. (some col.) ; _c29 cm. |
||
| 505 | 0 | _aSiamese towers, Santiago, Chile, Alejandro Aragena -- Salt point house, Salt Point, New York, Thomas Phifer and partners -- Svalbard Science Center, Longyearbyen, Spitzberge, Svalbard, Norway, Jarmund/Vigsnaes architects MNAL -- Palms house, Venice, California, Daily Genik architects -- Alice Tully Hall, New York, New York, Diller Scofidio + Renfron with FXFOWLE -- Koby Cottage, Albion, Michigan, Garrison architects -- Lauder School of government, diplomacy and strategy and Arison School of Business, Israel, Ada Karmi-Melamede architects -- Dow Jones, New York, New York, STUDIOS architecture -- California Academy of Sciences, San Francisco, California, Renzo Piano Building workshop -- Great (bamboo) wall, Beijing, China, Kengo Kuma & Associates -- Renaissance Paris Arc de Triomphe Hotel, Paris, France, Atelier Christian de Portzamparc -- Aqua Tower, Chicago, Illinois, Studio Gang architects -- 23 Beekman Place, New York, New York, Della Valle Bernheimer -- Tietgenkollegiet, Copenhagen, Denmark, Lundgaard & Tranberg architects -- Xsmall House, North Cambridge, Massachusetts, UNI -- Tod's Omotesando, Shibuya-ku, Tokyo, Japan, Toyo Ito & Associates architects -- Greenwich Townhouse, New York, New York, Matthew Baird architects -- Fiera Milano, Milan, Italy, Massimiliano Fuksas architetto -- Hotel Aire de Bardenas, Tudela, Navarre, Spain, Emiliano López Mónica Rivera architects -- Formosa 1140, West Hollywood, California, Lorcan O'Herlihy architects -- Yas Hotel, Abu Dhabi, United Arab Emirates, Asymptote architecture -- Airspace Tokyo, Tokyo, Japan, Studio M, Faulders Studio -- 41 Cooper Square, New York, New York, Morphosis architects -- Solar umbrella, Venice, California, Pugh + Scarpa architects -- Glass pavilion at the Toledo Museum of Art, Toledo, Ohio, Kazuyo Sejima and Ryue Nishizawa/SANAA. | |
| 650 | 0 |
_aArchitecture, Modern _y21st century _xThemes, motives. |
|
| 650 | 0 | _aTransparency in architecture. | |
| 942 | _2ddc | ||